Historical dictionary of Western Sahara /

Bibliographic Details
Main Author: Hodges, Tony
Format: Book
Language:English
Published: Metuchen, N.J. : Scarecrow Press, 1982.
Series:African historical dictionaries ; no. 35.
Subjects:

MARC

Tag First Indicator Second Indicator Subfields
LEADER 00000pam a2200000 a 4500
001 in00000095593
005 20150923173722.0
008 811117s1982 nju bd 00010 eng
010 |a  81021251  
020 |a 0810814978 
035 |a (OCoLC)07998077 
035 |9 AAK8241AM 
039 0 |a 2  |b 3  |c 3  |d 3  |e 3 
040 |a DLC  |c DLC  |d TXA  |d UtOrBLW 
043 |a f-ss--- 
049 |a TXAM  |c [1362660] 
050 0 0 |a DT346 S7  |b  H57 1982 
082 0 |a 964/.80003/21  |2 19 
100 1 |a Hodges, Tony. 
245 1 0 |a Historical dictionary of Western Sahara /  |c by Tony Hodges. 
264 1 |a Metuchen, N.J. :  |b Scarecrow Press,  |c 1982. 
300 |a xxxix, 431 pages ;  |c 23 cm. 
336 |a text  |b txt  |2 rdacontent 
337 |a unmediated  |b n  |2 rdamedia 
338 |a volume  |b nc  |2 rdacarrier 
490 1 |a African historical dictionaries ;  |v no. 35 
504 |a Bibliography: pages 371-431. 
651 0 |a Western Sahara  |x Dictionaries and encyclopedias. 
830 0 |a African historical dictionaries ;  |v no. 35. 
999 |a MARS 
999 f f |s 079b419b-9498-3a55-a73a-29f80d94aed8  |i 62da440a-973c-3ffe-9838-f2c68dae6c3d  |t 0 
952 f f |p ric  |a Texas A&M University  |b Rellis Campus  |c Joint Library Facility  |d Remote Storage  |t 0  |e DT346 S7 H57 1982  |h Library of Congress classification  |i unmediated -- volume  |m A14806010937 
998 f f |a DT346 S7 H57 1982  |t 0  |l Remote Storage